[Event "Bayerische EM 2019 Allgemeine Gruppe"]
[Site "Rosenheim"]
[Date "2019.08.27"]
[Round "4.4"]
[White "Haeussler, Phillip"]
[Black "Singer, Christoph"]
[Result "0-1"]
[WhiteElo "2192"]
[BlackElo "2327"]
[PlyCount "130"]
[EventDate "2019.??.??"]
[WhiteTeam "SG Pang-Rosenheim"]
[BlackTeam "FC Bayern Muenchen"]

1. e4 e5 2. Nf3 Nc6 3. Bb5 a6 4. Bxc6 dxc6 5. h3 Ne7 6. d4 exd4 7. Qxd4 Qxd4 8.
Nxd4 Bd7 9. Nb3 b6 10. Nc3 O-O-O 11. Be3 Ng6 12. O-O-O Be7 13. Nd4 Rhe8 14. f3
c5 15. Nde2 Kb7 16. Rd2 c6 17. Rhd1 Bc8 18. Rxd8 Rxd8 19. Rxd8 Bxd8 20. Bf2 Nh4
21. Bxh4 Bxh4 22. Kd2 b5 23. g3 Bf6 24. h4 h5 25. f4 g6 26. e5 Be7 27. Ne4 Be6
28. a3 b4 29. axb4 cxb4 30. b3 c5 31. Ke3 a5 32. Nc1 Kc6 33. Nd2 Kb5 34. Na2 a4
35. c4+ bxc3 36. Nxc3+ Kb4 37. Nxa4 Bxb3 38. Nb6 Be6 39. Kd3 Bf5+ 40. Ke3 Be6
41. Kd3 Bd8 42. Nbc4 Bc7 43. Ne3 Bb6 44. Ndc4 Bd8 45. Nc2+ Kb3 46. N2e3 Bc8 47.
Nd2+ Kb4 48. Nd5+ Kb5 49. Nc4 Kc6 50. Nde3 Ba6 51. Ke4 Be7 52. Kd3 Kd7 53. Kc3
Ke6 54. Kd3 Bd8 55. Ke4 Bc7 56. Kf3 Bxc4 57. Nxc4 Kd5 58. Ne3+ Kd4 59. Nc2+ Kd3
60. Ne3 c4 61. Nxc4 Kxc4 62. Ke4 Bd8 63. f5 gxf5+ 64. Kxf5 Kd5 65. Kf4 Ke6 0-1

[Event "Bayerische EM 2019 Allgemeine Gruppe"]
[Site "Rosenheim"]
[Date "2019.08.27"]
[Round "4.5"]
[White "Ciolek, Andreas"]
[Black "Schmahl, Stephan"]
[Result "1/2-1/2"]
[WhiteElo "2314"]
[BlackElo "2101"]
[PlyCount "47"]
[EventDate "2019.??.??"]
[WhiteTeam "Muenchener SC"]
[BlackTeam "SC Bavaria Regensburg von 1881"]

1. e4 e6 2. d4 d5 3. Nc3 Bb4 4. exd5 exd5 5. Bd3 Nf6 6. a3 Bxc3+ 7. bxc3 O-O 8.
Ne2 Bg4 9. f3 Bh5 10. O-O Nbd7 11. Ng3 c5 12. Bg5 Bg6 13. Bxg6 hxg6 14. f4 Qa5
15. Qd3 Rac8 16. f5 cxd4 17. cxd4 Rc3 18. Qd2 Qc7 19. Rac1 Rc8 20. fxg6 fxg6
21. Qe2 Re8 22. Qd2 Rc8 23. Qe2 Re8 24. Qd2 1/2-1/2

[Event "Bayerische EM 2019 Allgemeine Gruppe"]
[Site "Rosenheim"]
[Date "2019.08.27"]
[Round "4.6"]
[White "Schmid, Roland"]
[Black "Heimrath, Reiner"]
[Result "1/2-1/2"]
[WhiteElo "2296"]
[BlackElo "2165"]
[PlyCount "105"]
[EventDate "2019.??.??"]
[WhiteTeam "Post Regensburg"]
[BlackTeam "SC Noris-Tarrasch Nuernberg"]

1. Nf3 g6 2. e4 Bg7 3. d4 c5 4. c4 cxd4 5. Nxd4 Nc6 6. Be3 Nf6 7. Nc3 d6 8. Be2
O-O 9. O-O Bd7 10. Nc2 Rc8 11. f3 Re8 12. Rb1 b6 13. Qd2 Qc7 14. b3 Na5 15. Nb4
Qb8 16. Rbc1 Nb7 17. Na6 Qa8 18. Nb5 Bxb5 19. cxb5 Nc5 20. Nb4 Red8 21. Nc6 Rd7
22. b4 Ne6 23. e5 Ne8 24. f4 d5 25. g4 Nd8 26. a4 e6 27. f5 Rdc7 28. f6 Bf8 29.
Nxd8 Rxc1 30. Rxc1 Rxc1+ 31. Qxc1 Qxd8 32. Qc3 Qc7 33. Bd4 Qxc3 34. Bxc3 Bh6
35. Kf2 Nc7 36. Bf3 Bf4 37. h3 Kf8 38. Ke2 Ke8 39. h4 Bg3 40. h5 Bf4 41. hxg6
hxg6 42. Bd4 Kd7 43. Kd3 Bg3 44. Kc3 Be1+ 45. Kb3 Bd2 46. Be2 Na8 47. Bd3 Ke8
48. Bc3 Bf4 49. Kc2 Kf8 50. Be2 Kg8 51. Kd3 Kh7 52. Bf3 Nc7 53. Kd4 1/2-1/2

[Event "Bayerische EM 2019 Allgemeine Gruppe"]
[Site "Rosenheim"]
[Date "2019.08.27"]
[Round "4.7"]
[White "Hofstetter, Hans-Joachim"]
[Black "Kleibel, Uwe"]
[Result "1-0"]
[WhiteElo "2207"]
[BlackElo "2217"]
[PlyCount "119"]
[EventDate "2019.??.??"]
[WhiteTeam "SK Bad Neustadt"]
[BlackTeam "SC Ortenburg"]

1. e4 c6 2. Nc3 d5 3. d4 dxe4 4. Nxe4 Nf6 5. Nxf6+ exf6 6. Bc4 Bd6 7. Be3 O-O
8. Ne2 Re8 9. Qd2 Nd7 10. Bb3 Nf8 11. O-O Qc7 12. h3 Ng6 13. Rae1 Bd7 14. c3
Rad8 15. Bc2 Qc8 16. Ng3 Nh4 17. Bf4 Bf8 18. Qd3 Ng6 19. Bd2 Bd6 20. h4 Nf8 21.
Nf5 Bxf5 22. Qxf5 Qxf5 23. Bxf5 g6 24. Bc2 Ne6 25. g3 f5 26. Kg2 h5 27. Bb3 Kg7
28. Kf3 Nf8 29. Rxe8 Rxe8 30. Re1 Rxe1 31. Bxe1 Ne6 32. Bd2 Kf6 33. Be3 b6 34.
Ba4 c5 35. d5 Nc7 36. Bc6 Ke7 37. Bh6 Be5 38. Ke2 f6 39. Kd3 Bd6 40. a4 Be5 41.
Kc4 Bd6 42. Be3 Kd8 43. a5 Ke7 44. axb6 axb6 45. Bb5 Kd8 46. b4 cxb4 47. cxb4
Ke7 48. Bxb6 g5 49. Bc5 f4 50. Bc6 fxg3 51. fxg3 gxh4 52. gxh4 f5 53. b5 f4 54.
Bf2 Be5 55. b6 Na6 56. Bb5 Nb8 57. Kd3 Kd6 58. Ke4 f3 59. Be8 Bh2 60. Bxh5 1-0

[Event "Bayerische EM 2019 Allgemeine Gruppe"]
[Site "Rosenheim"]
[Date "2019.08.27"]
[Round "4.8"]
[White "Salvermoser, Bernd"]
[Black "Braun, Kristin"]
[Result "1/2-1/2"]
[WhiteElo "2208"]
[BlackElo "1923"]
[PlyCount "127"]
[EventDate "2019.??.??"]
[WhiteTeam "SK Penzberg"]
[BlackTeam "SC JAEKLECHEMIE"]

1. d4 Nf6 2. c4 g6 3. Nc3 Bg7 4. e4 d6 5. Be2 O-O 6. Bg5 c5 7. dxc5 dxc5 8. e5
Nfd7 9. e6 fxe6 10. h4 Nc6 11. h5 Nde5 12. hxg6 Qxd1+ 13. Rxd1 Nxg6 14. Rd3 b6
15. Rdh3 Rf7 16. Bf3 Bb7 17. Nge2 Raf8 18. b3 Rxf3 19. Rxf3 Rxf3 20. gxf3 Nce5
21. Kd1 Nxf3 22. Be3 Nge5 23. Rh3 Ng4 24. Nb5 a6 25. Nc7 Nd4 26. Rg3 h5 27.
Bxd4 cxd4 28. Nxe6 d3 29. Nxg7 Nxf2+ 30. Ke1 d2+ 31. Kxd2 Ne4+ 32. Ke3 Nxg3 33.
Nxg3 Kxg7 34. Nxh5+ Kg6 35. Nf4+ Kf5 36. b4 Ke5 37. Nd3+ Kd6 38. Kd4 b5 39. c5+
Kd7 40. Ke5 Bg2 41. Nf4 Bf3 42. Ne6 Bg2 43. Ng5 Bh1 44. Ne4 Bg2 45. Nc3 Bf1 46.
Nd5 Bh3 47. Nb6+ Kc7 48. Kd5 e6+ 49. Ke5 Bg4 50. Kf4 Bh3 51. Kg5 Kd8 52. Kf6
Bg4 53. c6 Kc7 54. Nd7 Be2 55. Ne5 Bc4 56. a3 Ba2 57. Ke7 Bb3 58. Nd7 Kxc6 59.
Nc5 Bc4 60. Nxe6 Kb6 61. Kd6 Bxe6 62. Kxe6 Kc6 63. Ke5 Kc7 64. Kd5 1/2-1/2

[Event "Bayerische EM 2019 Allgemeine Gruppe"]
[Site "Rosenheim"]
[Date "2019.08.27"]
[Round "4.9"]
[White "Hanisch, Sebastian"]
[Black "Pfadenhauer, Johannes"]
[Result "1-0"]
[WhiteElo "2116"]
[BlackElo "2167"]
[PlyCount "81"]
[EventDate "2019.??.??"]
[WhiteTeam "SC Kempten"]
[BlackTeam "TSV Bindlach Aktionaer"]

1. d4 Nf6 2. Bf4 c5 3. e3 Qb6 4. Na3 a6 5. Nc4 Qa7 6. a4 d6 7. c3 Nbd7 8. h3 g6
9. Nf3 Bg7 10. Bd3 O-O 11. O-O Nb6 12. Qe2 Be6 13. Nxb6 Qxb6 14. a5 Qa7 15. e4
d5 16. e5 Ne4 17. Bxe4 dxe4 18. Qxe4 Rad8 19. Be3 Bd5 20. Qg4 f5 21. exf6 exf6
22. dxc5 Qb8 23. Bf4 f5 24. Qh4 Qc8 25. Bd6 Rfe8 26. Rfe1 Qc6 27. Ng5 h6 28.
Ne6 Rxd6 29. Nxg7 Rxe1+ 30. Rxe1 Rf6 31. Ne8 Rf8 32. Qd4 Rxe8 33. Rxe8+ Qxe8
34. Qxd5+ Kh8 35. Qd4+ Kh7 36. b4 Qe1+ 37. Kh2 f4 38. Qd7+ Kg8 39. Qc8+ Kh7 40.
Qxb7+ Kg8 41. Qf3 1-0

[Event "Bayerische EM 2019 Allgemeine Gruppe"]
[Site "Rosenheim"]
[Date "2019.08.27"]
[Round "4.10"]
[White "Liepold, Stefan"]
[Black "Greiml, Emmeran"]
[Result "1-0"]
[WhiteElo "2166"]
[BlackElo "1904"]
[PlyCount "45"]
[EventDate "2019.??.??"]
[WhiteTeam "SC Erlangen"]
[BlackTeam "SG Vogtareuth-Prutting"]

1. e4 c5 2. Nf3 Nc6 3. d4 cxd4 4. Nxd4 d6 5. c4 g6 6. Nc3 Bg7 7. Be3 Nf6 8. Be2
h5 9. h3 Bd7 10. O-O Qc8 11. f4 h4 12. Rc1 Nh5 13. Rf2 Bxh3 14. Nxc6 bxc6 15.
gxh3 Qxh3 16. Bf3 Ng3 17. Rh2 Qd7 18. c5 f5 19. cxd6 exd6 20. Bd4 Rd8 21. exf5
Nxf5 22. Bxg7 Nxg7 23. Ne4 1-0

[Event "Bayerische EM 2019 Allgemeine Gruppe"]
[Site "Rosenheim"]
[Date "2019.08.27"]
[Round "4.11"]
[White "Beesk, Kevin"]
[Black "Zepke, Armin"]
[Result "1/2-1/2"]
[WhiteElo "1969"]
[BlackElo "2122"]
[PlyCount "138"]
[EventDate "2019.??.??"]
[WhiteTeam "SK Neumarkt"]
[BlackTeam "SC Bayerwald"]

1. e4 c6 2. d4 d5 3. exd5 cxd5 4. Bd3 Nc6 5. c3 Qc7 6. h3 Nf6 7. Nf3 g6 8. O-O
Bg7 9. Re1 O-O 10. Ne5 Nxe5 11. dxe5 Ne4 12. Qe2 Bxe5 13. Bxe4 dxe4 14. Qxe4
Bf6 15. Bf4 Qb6 16. Qe2 Be6 17. Be3 Qc6 18. Nd2 Bd5 19. Qg4 Rfd8 20. Nb3 Qb5
21. Bd4 Bxd4 22. cxd4 Bxb3 23. axb3 Qd7 24. Rad1 Qxg4 25. hxg4 e6 26. f4 Rd5
27. Kf2 Rc8 28. Ke3 Rc6 29. Rd3 Rb5 30. Kd2 h6 31. Rc3 Rcb6 32. Kc2 Kg7 33. g3
h5 34. g5 Rb4 35. Rd1 a5 36. Rdd3 a4 37. bxa4 Rxb2+ 38. Kc1 Ra2 39. Ra3 Rbb2
40. Rxa2 Rxa2 41. d5 exd5 42. Rxd5 Rxa4 43. Rd3 h4 44. gxh4 Rxf4 45. Rh3 Kf8
46. Kd2 Ke7 47. Rb3 Rxh4 48. Rxb7+ Ke6 49. Ke3 Rg4 50. Rb5 Rg1 51. Kf4 Rf1+ 52.
Kg4 Rd1 53. Rb6+ Rd6 54. Rb4 Ke5 55. Rb5+ Rd5 56. Rb7 Rd4+ 57. Kg3 Ke6 58. Rb6+
Kf5 59. Rf6+ Kxg5 60. Rxf7 Rd3+ 61. Kg2 Kg4 62. Ra7 Rd2+ 63. Kg1 g5 64. Ra4+
Kh3 65. Ra3+ Kh4 66. Rb3 g4 67. Ra3 Rd4 68. Kg2 g3 69. Ra8 Rd2+ 1/2-1/2

[Event "Bayerische EM 2019 Allgemeine Gruppe"]
[Site "Rosenheim"]
[Date "2019.08.27"]
[Round "4.12"]
[White "Wilfert, Andre"]
[Black "Palmi, Herbert"]
[Result "0-1"]
[WhiteElo "2102"]
[BlackElo "2056"]
[PlyCount "96"]
[EventDate "2019.??.??"]
[WhiteTeam "1.FC Marktleuthen"]
[BlackTeam "SC Bayerwald"]

1. e4 e5 2. d4 exd4 3. Nf3 Nc6 4. Bc4 Be7 5. c3 d3 6. Qb3 Na5 7. Bxf7+ Kf8 8.
Qd5 c6 9. Qf5 Nf6 10. e5 Kxf7 11. Ng5+ Kg8 12. exf6 Bxf6 13. O-O d5 14. Qf4
Bxg5 15. Qxg5 Qxg5 16. Bxg5 Kf7 17. Re1 Re8 18. Rxe8 Kxe8 19. Nd2 Nc4 20. Re1+
Kf8 21. b3 Nxd2 22. Bxd2 Bf5 23. Re5 Bg6 24. c4 dxc4 25. bxc4 Re8 26. Rxe8+
Kxe8 27. c5 Bf7 28. a3 Kd7 29. f4 Ke6 30. Kf2 Kd5 31. Ke3 Kc4 32. Bb4 g6 33. g3
Be6 34. h4 h5 35. Ke4 Bg4 36. Ke3 Bf5 37. Kd2 Kd4 38. Kd1 a5 39. Bxa5 Kxc5 40.
Kd2 Kc4 41. Bc3 c5 42. a4 b6 43. Bf6 Kb4 44. Bd8 c4 45. Bf6 Kxa4 46. Kc3 b5 47.
Be7 b4+ 48. Kxc4 d2 0-1

[Event "Bayerische EM 2019 Allgemeine Gruppe"]
[Site "Rosenheim"]
[Date "2019.08.27"]
[Round "4.13"]
[White "Monninger, Moritz"]
[Black "Brunner, Tobias"]
[Result "0-1"]
[WhiteElo "2058"]
[BlackElo "1985"]
[PlyCount "104"]
[EventDate "2019.??.??"]
[WhiteTeam "SK Herzogenaurach"]
[BlackTeam "SC Windischeschenbach"]

1. d4 d5 2. Nc3 Nf6 3. Bf4 c6 4. e3 Bf5 5. f3 e6 6. g4 Bg6 7. h4 h5 8. g5 Nfd7
9. Bd3 Bxd3 10. Qxd3 Na6 11. g6 f6 12. e4 Qe7 13. O-O-O O-O-O 14. exd5 exd5 15.
Nxd5 Qe6 16. Nc3 Nb4 17. Qd2 Nxa2+ 18. Kb1 Nxc3+ 19. Qxc3 Nb6 20. Nh3 Qf5 21.
Qd3 Qxd3 22. Rxd3 Nd5 23. Re1 Ne7 24. Re6 Nxg6 25. Bg3 Bb4 26. c3 Ba5 27. Nf4
Nxf4 28. Bxf4 Rhe8 29. Rxe8 Rxe8 30. d5 Rd8 31. d6 Bb6 32. Bg3 Kd7 33. b4 Re8
34. c4 Re3 35. Kc2 Rxd3 36. Kxd3 c5 37. b5 Ke6 38. Ke4 g6 39. Kd3 a6 40. Kc3
axb5 41. cxb5 Kd5 42. Bf4 Bd8 43. Bg3 g5 44. Kd3 c4+ 45. Kd2 Kc5 46. Ke3 f5 47.
Be5 Kd5 48. f4 g4 49. d7 Ke6 50. Kd4 Kxd7 51. Kxc4 Bxh4 52. Kc5 Bf2+ 0-1

[Event "Bayerische EM 2019 Allgemeine Gruppe"]
[Site "Rosenheim"]
[Date "2019.08.27"]
[Round "4.14"]
[White "Grosshans, Ralf-Michael"]
[Black "Bensch, Patrick"]
[Result "0-1"]
[WhiteElo "2051"]
[BlackElo "2197"]
[PlyCount "86"]
[EventDate "2019.??.??"]
[WhiteTeam "SC Bamberg"]
[BlackTeam "SC Rottal-Inn"]

1. e4 c5 2. Nc3 e6 3. Nge2 Nc6 4. g3 a6 5. Bg2 Nf6 6. Nf4 Be7 7. a4 O-O 8. b3
d6 9. O-O Bd7 10. d3 Rc8 11. h3 Nd4 12. Nb1 e5 13. Ne2 Bc6 14. c4 Nd7 15. Nbc3
Bg5 16. f4 exf4 17. Bxf4 Nxe2+ 18. Nxe2 Ne5 19. Qd2 h6 20. d4 Ng6 21. Rad1 Re8
22. Qd3 Qe7 23. d5 Bd7 24. g4 Ne5 25. Qg3 b5 26. cxb5 axb5 27. Nc3 b4 28. Ne2
c4 29. Nd4 c3 30. Nc2 Bxf4 31. Qxf4 Rb8 32. Rd4 Bxa4 33. Rb1 Bb5 34. Nxb4 Rec8
35. Rc1 Rc7 36. Bf1 Bxf1 37. Qxf1 Qg5 38. Nc2 Rxb3 39. Ra4 Rc8 40. Ra6 Rb2 41.
Raa1 Qd2 42. Qf5 Rf8 43. Qf2 Nd3 0-1

[Event "Bayerische EM 2019 Allgemeine Gruppe"]
[Site "Rosenheim"]
[Date "2019.08.28"]
[Round "5.1"]
[White "Miller, Eduard"]
[Black "Hess, Max"]
[Result "0-1"]
[WhiteElo "2401"]
[BlackElo "2343"]
[PlyCount "44"]
[EventDate "2019.??.??"]
[WhiteTeam "SC Erlangen"]
[BlackTeam "SC Garching"]

1. c4 e5 2. Nc3 Bb4 3. Nf3 Bxc3 4. dxc3 d6 5. e4 Nc6 6. Bd3 Nge7 7. Nd2 O-O 8.
Nf1 f5 9. exf5 Bxf5 10. Ne3 Bxd3 11. Qxd3 Ng6 12. O-O Qh4 13. g3 Qh3 14. Nd5
Nh4 15. Nf4 exf4 16. Qd5+ Kh8 17. gxh4 Rf6 18. h5 f3 19. Qg5 Ne5 20. Qg3 Qxh5
21. Kh1 Rg6 22. Qf4 Qh3 0-1

[Event "Bayerische EM 2019 Allgemeine Gruppe"]
[Site "Rosenheim"]
[Date "2019.08.28"]
[Round "5.2"]
[White "Singer, Christoph"]
[Black "Schulz, Lukas"]
[Result "1/2-1/2"]
[WhiteElo "2327"]
[BlackElo "2314"]
[PlyCount "137"]
[EventDate "2019.??.??"]
[WhiteTeam "FC Bayern Muenchen"]
[BlackTeam "SC Erlangen"]

1. e4 c5 2. Nf3 Nc6 3. Bb5 d6 4. d4 cxd4 5. Qxd4 e5 6. Qd3 Be7 7. Nc3 Be6 8.
O-O Nf6 9. Bg5 O-O 10. Rfd1 Rc8 11. Bxf6 Bxf6 12. Bxc6 Rxc6 13. Nd5 g6 14. c4
Bg7 15. Nd2 f5 16. b3 Bh6 17. Nb1 fxe4 18. Qxe4 Qg5 19. Nd2 Kg7 20. Qd3 Qh4 21.
Ne4 Bf5 22. f3 Rf7 23. Rf1 Rc8 24. Rae1 Rcf8 25. Re2 Bf4 26. Nxf4 Qxf4 27. Qxd6
Bxe4 28. Rxe4 Qxe4 29. Qxf8+ Rxf8 30. fxe4 Rd8 31. Kf2 Rd2+ 32. Kf3 Rxa2 33.
Rd1 b6 34. Rd7+ Kh6 35. Rd5 Rb2 36. Rxe5 Rxb3+ 37. Kf4 Rb2 38. Re7 Rxg2 39.
Rxa7 Rxh2 40. Ke5 Kg5 41. Rb7 Rc2 42. Rxh7 Rxc4 43. Rb7 Rb4 44. Re7 b5 45. Kd6
Rb1 46. e5 b4 47. e6 Rd1+ 48. Ke5 Re1+ 49. Kd6 Rd1+ 50. Ke5 b3 51. Rb7 Rb1 52.
e7 Re1+ 53. Kd6 Kf6 54. Rxb3 Re6+ 55. Kd5 Rxe7 56. Rb1 g5 57. Rf1+ Kg6 58. Rg1
Re2 59. Kd4 Kf5 60. Kd3 Re8 61. Rf1+ Kg6 62. Rg1 Re5 63. Kd4 Re2 64. Kd3 Ra2
65. Ke3 Kf5 66. Kf3 g4+ 67. Kg3 Ra3+ 68. Kg2 Kf4 69. Rf1+ 1/2-1/2

[Event "Bayerische EM 2019 Allgemeine Gruppe"]
[Site "Rosenheim"]
[Date "2019.08.28"]
[Round "5.3"]
[White "Heimrath, Reiner"]
[Black "Englert, Fabian"]
[Result "1/2-1/2"]
[WhiteElo "2165"]
[BlackElo "2422"]
[PlyCount "81"]
[EventDate "2019.??.??"]
[WhiteTeam "SC Noris-Tarrasch Nuernberg"]
[BlackTeam "SK Klingenberg"]

1. e4 c6 2. Nc3 d5 3. g3 e5 4. Bg2 Nf6 5. d3 dxe4 6. Nxe4 Nxe4 7. Bxe4 Bd6 8.
Qh5 Nd7 9. Qg4 g6 10. Qe2 Nc5 11. Bg2 O-O 12. h4 h5 13. Be3 Qa5+ 14. Bd2 Qb6
15. Rb1 Bf5 16. Bh3 Be6 17. Bxe6 Nxe6 18. Nf3 Rfe8 19. O-O Rad8 20. Rfe1 c5 21.
Bg5 Nxg5 22. Nxg5 Qc6 23. Qe4 Qxe4 24. Rxe4 f6 25. Nf3 f5 26. Re2 c4 27. dxc4
e4 28. Ng5 Be5 29. Kg2 Bf6 30. Nh3 Rd4 31. Nf4 Kf7 32. b3 Rc8 33. c3 Rd6 34.
Rc2 Bg7 35. a4 a6 36. Nd5 b5 37. axb5 axb5 38. Ne3 bxc4 39. Nxc4 Rd3 40. Ra1
Rc7 41. Kf1 1/2-1/2

[Event "Bayerische EM 2019 Allgemeine Gruppe"]
[Site "Rosenheim"]
[Date "2019.08.28"]
[Round "5.4"]
[White "Kaunzinger, Albert"]
[Black "Ciolek, Andreas"]
[Result "0-1"]
[WhiteElo "2200"]
[BlackElo "2314"]
[PlyCount "88"]
[EventDate "2019.??.??"]
[WhiteTeam "SC Groebenzell"]
[BlackTeam "Muenchener SC"]

1. d4 Nf6 2. Nf3 g6 3. Bf4 Bg7 4. e3 d6 5. h3 O-O 6. Be2 c5 7. c3 cxd4 8. exd4
Be6 9. Nbd2 Qb6 10. Qb1 Nc6 11. Nc4 Qc7 12. Ne3 Nd5 13. Nxd5 Bxd5 14. O-O e5
15. dxe5 dxe5 16. Bh2 Qb6 17. Nd2 Rad8 18. Qc2 Qc5 19. Nb3 Qe7 20. c4 Be6 21.
Bf3 Nd4 22. Nxd4 Rxd4 23. Bd5 Bxd5 24. cxd5 Rxd5 25. Rfe1 Rfd8 26. Re2 Qc5 27.
Qxc5 Rxc5 28. Rae1 f6 29. f4 exf4 30. Bxf4 Rcd5 31. Kh2 Bf8 32. Rc1 Kf7 33. Bg3
f5 34. Bf4 R5d7 35. Re3 Re8 36. Rxe8 Kxe8 37. Rc8+ Kf7 38. Be5 Be7 39. Rh8 Ke6
40. Bb8 a6 41. b3 Rd8 42. Rxd8 Bxd8 43. g4 Kd5 44. gxf5 gxf5 0-1

[Event "Bayerische EM 2019 Allgemeine Gruppe"]
[Site "Rosenheim"]
[Date "2019.08.28"]
[Round "5.5"]
[White "Schmahl, Stephan"]
[Black "Hofstetter, Hans-Joachim"]
[Result "1/2-1/2"]
[WhiteElo "2101"]
[BlackElo "2207"]
[PlyCount "55"]
[EventDate "2019.??.??"]
[WhiteTeam "SC Bavaria Regensburg von 1881"]
[BlackTeam "SK Bad Neustadt"]

1. d4 Nf6 2. c4 e6 3. Nf3 b6 4. g3 Ba6 5. Qc2 Bb4+ 6. Bd2 Be7 7. Bg2 c6 8. O-O
d5 9. Ne5 Nfd7 10. cxd5 cxd5 11. Nxd7 Qxd7 12. Re1 f5 13. Nc3 Nc6 14. Qa4 Na5
15. Qxd7+ Kxd7 16. Bf4 Bf6 17. Rad1 Rac8 18. f3 Rc4 19. e3 Rcc8 20. e4 Nc6 21.
exd5 Bxd4+ 22. Kh1 exd5 23. Nxd5 Rce8 24. Rxe8 Rxe8 25. Nc7 Be2 26. Rxd4+ Nxd4
27. Nxe8 Kxe8 28. Be5 1/2-1/2

[Event "Bayerische EM 2019 Allgemeine Gruppe"]
[Site "Rosenheim"]
[Date "2019.08.28"]
[Round "5.6"]
[White "Liepold, Stefan"]
[Black "Haeussler, Phillip"]
[Result "0-1"]
[WhiteElo "2166"]
[BlackElo "2192"]
[PlyCount "80"]
[EventDate "2019.??.??"]
[WhiteTeam "SC Erlangen"]
[BlackTeam "SG Pang-Rosenheim"]

1. e4 g6 2. d4 Bg7 3. Nc3 d6 4. Be3 a6 5. f4 b5 6. Bd3 Bb7 7. Nf3 b4 8. Ne2 Nf6
9. e5 Nd5 10. Bf2 Nd7 11. O-O c5 12. Ng5 Nc7 13. Qd2 dxe5 14. fxe5 O-O 15. Qf4
h6 16. Nf3 cxd4 17. Nexd4 Bxf3 18. Nxf3 Ne6 19. Qxb4 Nxe5 20. Nxe5 Bxe5 21.
Rae1 Qc7 22. Qh4 Nf4 23. Be4 Rae8 24. Qxh6 Bxb2 25. Be3 Ne6 26. Bd5 Bg7 27. Qh3
Nd4 28. Bxd4 Bxd4+ 29. Kh1 e6 30. Be4 Kg7 31. Qd3 Be5 32. g3 Rh8 33. Re3 Rd8
34. Qxa6 Bxg3 35. Re2 Bxh2 36. Qb7 Be5+ 37. Kg2 Rh2+ 38. Kf3 Rh3+ 39. Kg2 Rg3+
40. Kf2 Qc5+ 0-1

[Event "Bayerische EM 2019 Allgemeine Gruppe"]
[Site "Rosenheim"]
[Date "2019.08.28"]
[Round "5.7"]
[White "Schelle, Artur"]
[Black "Grosshans, Ralf-Michael"]
[Result "1/2-1/2"]
[WhiteElo "2176"]
[BlackElo "2051"]
[PlyCount "67"]
[EventDate "2019.??.??"]
[WhiteTeam "SK Tarrasch Muenchen"]
[BlackTeam "SC Bamberg"]

1. d4 Nf6 2. Bf4 d6 3. Nc3 c6 4. e4 Qa5 5. f3 e5 6. Be3 Be6 7. Nge2 Nbd7 8. Nc1
d5 9. Nb3 Qc7 10. exd5 Nxd5 11. Nxd5 Bxd5 12. Qd2 a5 13. dxe5 a4 14. Nd4 Nxe5
15. Be2 O-O-O 16. a3 Bc4 17. f4 c5 18. fxe5 cxd4 19. Bf4 Bxe2 20. Qxe2 Qa5+ 21.
Qd2 Qb5 22. O-O-O Bc5 23. Qd3 Qc6 24. Kb1 Rd7 25. Rhe1 Re8 26. Qxh7 Qxg2 27.
Rg1 Qf3 28. Rgf1 Qg4 29. Qd3 Qe6 30. Bg3 Qc6 31. Qf3 Qb5 32. Qd3 Qc6 33. Qf3
Qb5 34. Qd3 1/2-1/2

[Event "Bayerische EM 2019 Allgemeine Gruppe"]
[Site "Rosenheim"]
[Date "2019.08.28"]
[Round "5.8"]
[White "Kleibel, Uwe"]
[Black "Hanisch, Sebastian"]
[Result "1-0"]
[WhiteElo "2217"]
[BlackElo "2116"]
[PlyCount "103"]
[EventDate "2019.??.??"]
[WhiteTeam "SC Ortenburg"]
[BlackTeam "SC Kempten"]

1. e4 e6 2. d3 d5 3. Nd2 c5 4. Ngf3 Nc6 5. g3 g6 6. Bg2 Bg7 7. O-O Nge7 8. exd5
exd5 9. Nb3 b6 10. c3 O-O 11. d4 c4 12. Nbd2 b5 13. Re1 b4 14. Nf1 bxc3 15.
bxc3 Qa5 16. Bg5 Nf5 17. Qd2 f6 18. Bf4 g5 19. Be3 Nd6 20. Qc1 Ne4 21. N3d2 Nd6
22. f4 g4 23. Bf2 f5 24. Ne3 Ne4 25. Nxd5 Qxd5 26. Nxe4 fxe4 27. Bxe4 Qd6 28.
Qc2 h6 29. Qa4 Bd7 30. Qxc4+ Kh8 31. Qa6 Qf6 32. d5 Nd8 33. Qxf6 Bxf6 34. Rac1
Rc8 35. c4 Bb2 36. Rc2 Ba3 37. c5 Ba4 38. c6 Bxc2 39. Bxc2 Nf7 40. Re6 Bb2 41.
Bxa7 Rfd8 42. Bb3 Ba3 43. Bd4+ Kh7 44. Rf6 Nd6 45. Bc2+ Kg8 46. Rxh6 Kf8 47.
Rh8+ Ke7 48. Rh7+ Nf7 49. Bb3 Rd6 50. Be5 Rf8 51. Bxd6+ Kxd6 52. c7 1-0

[Event "Bayerische EM 2019 Allgemeine Gruppe"]
[Site "Rosenheim"]
[Date "2019.08.28"]
[Round "5.9"]
[White "Brunner, Tobias"]
[Black "Salvermoser, Bernd"]
[Result "1-0"]
[WhiteElo "1985"]
[BlackElo "2208"]
[PlyCount "81"]
[EventDate "2019.??.??"]
[WhiteTeam "SC Windischeschenbach"]
[BlackTeam "SK Penzberg"]

1. e4 c5 2. Nc3 Nc6 3. f4 e6 4. Nf3 d6 5. Bb5 Nge7 6. O-O a6 7. Bxc6+ Nxc6 8.
d3 b5 9. a4 b4 10. Ne2 d5 11. Ng3 g6 12. f5 gxf5 13. exf5 e5 14. Ng5 Ra7 15.
Qh5 h6 16. Ne6 Qf6 17. Nxf8 Kxf8 18. Be3 Nd4 19. c3 Nb3 20. Qd1 Nxa1 21. Bxc5+
Re7 22. Bxb4 Qb6+ 23. Kh1 f6 24. Qxa1 a5 25. Bxe7+ Kxe7 26. Qa3+ Kf7 27. b4 h5
28. bxa5 Qxa5 29. Ne2 Bd7 30. Qd6 Rd8 31. Rb1 Bc8 32. Qc6 Qa7 33. Rb6 Qe7 34.
a5 Bxf5 35. a6 Bd7 36. Qxd5+ Be6 37. Qe4 f5 38. Qf3 Qh4 39. a7 e4 40. dxe4 Rd1+
41. Ng1 1-0

[Event "Bayerische EM 2019 Allgemeine Gruppe"]
[Site "Rosenheim"]
[Date "2019.08.28"]
[Round "5.10"]
[White "Palmi, Herbert"]
[Black "Beesk, Kevin"]
[Result "1/2-1/2"]
[WhiteElo "2056"]
[BlackElo "1969"]
[PlyCount "89"]
[EventDate "2019.??.??"]
[WhiteTeam "SC Bayerwald"]
[BlackTeam "SK Neumarkt"]

1. c4 c5 2. Nf3 Nf6 3. Nc3 b6 4. g3 Bb7 5. Bg2 g6 6. O-O Bg7 7. d4 cxd4 8. Nxd4
Bxg2 9. Kxg2 Qc8 10. Qd3 O-O 11. e4 d6 12. Bg5 Nc6 13. Nxc6 Qxc6 14. Bxf6 Bxf6
15. Nd5 Kg7 16. Nxf6 Kxf6 17. Qd4+ Ke6 18. Rfe1 Rac8 19. b3 f5 20. Qd5+ Kf6 21.
Rad1 fxe4 22. Rxe4 Qxd5 23. Rxd5 Rfd8 24. g4 Rc5 25. g5+ Kf7 26. Rh4 Kg7 27.
Rhd4 Rf8 28. Kg3 Rf5 29. Rxc5 bxc5 30. Rd5 Rf8 31. f4 a5 32. Kg4 a4 33. f5 axb3
34. axb3 gxf5+ 35. Rxf5 Rd8 36. h4 Rb8 37. Rf3 h6 38. h5 hxg5 39. Kxg5 Rh8 40.
Rf1 Rh6 41. Re1 e5 42. Ra1 Re6 43. h6+ Kh7 44. Ra7+ Kh8 45. Ra8+ 1/2-1/2

[Event "Bayerische EM 2019 Allgemeine Gruppe"]
[Site "Rosenheim"]
[Date "2019.08.28"]
[Round "5.11"]
[White "Braun, Kristin"]
[Black "Pfadenhauer, Johannes"]
[Result "0-1"]
[WhiteElo "1923"]
[BlackElo "2167"]
[PlyCount "82"]
[EventDate "2019.??.??"]
[WhiteTeam "SC JAEKLECHEMIE"]
[BlackTeam "TSV Bindlach Aktionaer"]

1. e4 c5 2. Nf3 Nc6 3. d4 cxd4 4. Nxd4 g6 5. c4 Nf6 6. Nc3 Nxd4 7. Qxd4 d6 8.
Be3 Bg7 9. c5 O-O 10. cxd6 Ng4 11. dxe7 Qxe7 12. Nd5 Qh4 13. Qb4 Re8 14. Bd3
Nxe3 15. Nxe3 a5 16. Qd2 a4 17. a3 Be6 18. O-O Rad8 19. Qe2 Bb3 20. Rfe1 Re7
21. Rab1 Red7 22. Nd5 Bxd5 23. exd5 Rxd5 24. Bc4 Rd2 25. Qf1 Bxb2 26. Re2 Qf6
27. Rxd2 Rxd2 28. Qe1 Rxf2 29. Rd1 Bd4 30. Rxd4 Qxd4 31. Qxf2 Qxc4 32. Qe3 Qe6
33. Qc3 b5 34. h3 h5 35. Qd2 Qe5 36. Qd3 Kg7 37. Kh1 h4 38. Kg1 Qe1+ 39. Kh2
Qg3+ 40. Qxg3 hxg3+ 41. Kxg3 b4 0-1

[Event "Bayerische EM 2019 Allgemeine Gruppe"]
[Site "Rosenheim"]
[Date "2019.08.28"]
[Round "5.12"]
[White "Zepke, Armin"]
[Black "Greiml, Emmeran"]
[Result "1-0"]
[WhiteElo "2122"]
[BlackElo "1904"]
[PlyCount "83"]
[EventDate "2019.??.??"]
[WhiteTeam "SC Bayerwald"]
[BlackTeam "SG Vogtareuth-Prutting"]

1. d4 c5 2. c3 cxd4 3. cxd4 g6 4. Nc3 Nf6 5. Nf3 Bg7 6. g3 d5 7. Bg2 h5 8. O-O
Nc6 9. Bf4 a6 10. e3 Bf5 11. h4 e6 12. Qb3 Na5 13. Qd1 Rc8 14. Ne5 Ne4 15. Nxe4
dxe4 16. Rc1 O-O 17. Qa4 Rxc1 18. Rxc1 b5 19. Qb4 Re8 20. Nxf7 Kxf7 21. Rc7+
Kg8 22. Qxa5 e5 23. dxe5 Be6 24. Qc3 Qd1+ 25. Kh2 Rd8 26. Re7 Bc4 27. Rxg7+
Kxg7 28. e6+ Kh7 29. Qf6 Rg8 30. Qg5 Rg7 31. Be5 Bxe6 32. Bxg7 Kxg7 33. Qe7+
Bf7 34. Qxe4 Qd2 35. Qd4+ Qxd4 36. exd4 Bxa2 37. b4 Kf6 38. Bb7 a5 39. bxa5 b4
40. a6 Be6 41. a7 b3 42. a8=Q 1-0